Separácia nitroaromátov plynovou chromatografiou

Na minha lista:
Detalhes bibliográficos
Autor principal: Pócsová, Tamara (Author)
Outros Autores: Hrouzková, Svetlana (Thesis advisor)
Formato: Manuscrito Livro
Idioma:eslovaco
Publicado em: 2019
Assuntos:
Acesso em linha:http://is.stuba.sk/zp/portal_zp.pl?podrobnosti=140014
Tags: Adicionar Tag
Sem tags, seja o primeiro a adicionar uma tag!

MARC

LEADER 00000ntm a22000003a 4500
001 stuzp74453
003 SK-STU
005 20190622211744.0
007 ta
008 150427s2015----xo-----f-mn---000-0-slo-d
040 |a STU  |b slo 
041 0 |a slo 
100 1 |a Pócsová, Tamara  |u 041000  |k Z4  |4 aut  |U FCHPT Fakulta chemickej a potravinárskej technológie  |T FCHPT Ústav analytickej chémie  |X 88613  |U C1000  |Y 99  |7 88613 
242 0 1 |a Separation of Nitroaromatic Compounds by Gas Chromatography  |y eng 
245 1 0 |a Separácia nitroaromátov plynovou chromatografiou 
260 |c 2019 
650 4 |a nitroaromatické látky  |2 slo 
650 4 |a plynová chromatografia  |2 slo 
650 4 |a optimalizácia  |2 slo 
650 4 |a gas chromatography  |2 eng 
650 4 |a nitroaromatic compounds  |2 eng 
650 4 |a optimization  |2 eng 
700 1 |a Hrouzková, Svetlana  |u 041000  |k Z1  |4 ths  |U FCHPT Fakulta chemickej a potravinárskej technológie  |T FCHPT Ústav analytickej chémie  |X 3892  |U C1000  |Y 99  |7 A000003892 
856 4 |u http://is.stuba.sk/zp/portal_zp.pl?podrobnosti=140014